000 00442nam a2200169 a 4500
001 7176
005 20180713191050.0
008 140415s1990 sz 000 0 spa d
041 _aspa
082 _a614
_bINF
245 0 0 _aCOMITE DE EXPERTOS DE LA OMS EN PATRONES BIOLOGICOS
250 _a1a ed.
260 _aSUIZA :
_bOMS,
_c1990
300 _a235
490 _aINFORMES TECNICOS
_v800
650 1 4 _aPRODUCTOS BIOLOGICOS
999 _c7176
_d7176